[Event "ICS rated blitz match"]
[Site "204.178.125.65"]
[Date "2000.09.02"]
[Round "?"]
[White "Hossa"]
[Black "PostModernist"]
[Result "1/2-1/2"]
[WhiteElo "2462"]
[BlackElo "2716"]
[PlyCount "160"]
[EventDate "2000.??.??"]

1. e4 c5 2. c3 Nf6 3. e5 Nd5 4. d4 cxd4 5. Qxd4 e6 6. Bc4 Nc6 7. Qe4 d6 8. Nf3
Nb6 9. Bg5 Qc7 10. Bb5 Bd7 11. exd6 Bxd6 12. O-O h6 13. Be3 O-O-O 14. Nbd2 f5
15. Qd3 Ne5 16. Nxe5 Bxe5 17. f4 Bxb5 18. Qxb5 Nd5 19. Bxa7 Bxf4 20. Nf3 b6 21.
c4 Be3+ 22. Kh1 Nf6 23. Rae1 Ng4 24. Rxe3 Nxe3 25. Bxb6 Qxc4 26. Qxc4+ Nxc4 27.
Rc1 Rd1+ 28. Rxd1 Nxb6 29. Rd6 Kc7 30. Rxe6 Ra8 31. a3 Nc4 32. Re2 Kd6 33. Nd4
g6 34. Rc2 Re8 35. Kg1 Kd5 36. Nb5 Re3 37. Nc3+ Kd4 38. Kf2 Ne5 39. Ne2+ Ke4
40. Kf1 f4 41. Nc3+ Kd3 42. Rf2 g5 43. Nd5 Re4 44. Nf6 Rc4 45. Re2 Rc1+ 46. Re1
Rxe1+ 47. Kxe1 Kc2 48. b4 Kb3 49. b5 Nc4 50. Nd5 Kxa3 51. b6 Na5 52. Ke2 Nb7
53. Kd3 Kb3 54. Kd4 Ka4 55. Kc4 Ka5 56. h3 h5 57. Kd4 Kb5 58. Ke4 Kc6 59. Nf6
Nd6+ 60. Ke5 Nc4+ 61. Kf5 Ne3+ 62. Kxg5 Nxg2 63. Nxh5 f3 64. Kg4 f2 65. Ng3
Ne3+ 66. Kf4 Nc4 67. h4 Nd6 68. h5 Nf7 69. Ke3 Kxb6 70. Kxf2 Kc6 71. Kf3 Kd6
72. Kf4 Ke6 73. Ne4 Nh6 74. Kg5 Nf5 75. Nc5+ Ke5 76. Nd3+ Ke6 77. Ne1 Ng3 78.
h6 Kf7 79. h7 Kg7 80. h8=Q+ Kxh8 1/2-1/2

[Event "ICS Rated blitz match"]
[Site "204.178.125.65"]
[Date "2000.09.02"]
[Round "?"]
[White "Dorky"]
[Black "Hossa"]
[Result "1/2-1/2"]
[WhiteElo "2373"]
[BlackElo "2472"]
[PlyCount "126"]
[EventDate "2000.??.??"]

1. e4 e5 2. Nf3 Nc6 3. Bb5 a6 4. Ba4 Nf6 5. O-O Be7 6. Re1 b5 7. Bb3 d6 8. c3
O-O 9. h3 Bb7 10. d4 Re8 11. dxe5 Nxe5 12. Nxe5 dxe5 13. Qf3 c5 14. Bc2 Qc7 15.
Be3 Rad8 16. Nd2 Rd7 17. Red1 c4 18. a4 Red8 19. axb5 axb5 20. g3 Bc5 21. Bg5
Rd6 22. Qe2 h6 23. Bxf6 Rxf6 24. Nf3 Rxd1+ 25. Rxd1 Rg6 26. Kh2 Rd6 27. Ra1 Rd8
28. b3 cxb3 29. Bxb3 b4 30. cxb4 Bxb4 31. Qc2 Rd7 32. Qxc7 Rxc7 33. Bd5 Bd6 34.
Kg2 Bc8 35. Rd1 Kf8 36. Bxf7 Rxf7 37. Rxd6 Bxh3+ 38. Kxh3 Rxf3 39. Rd5 Rxf2 40.
Rxe5 Kf7 41. Kg4 g6 42. Rc5 Ke6 43. Rc6+ Kf7 44. Ra6 Rf1 45. Rc6 Rf2 46. Ra6
Rf1 47. Rb6 h5+ 48. Kg5 Rf3 49. g4 Rg3 50. Rf6+ Ke7 51. Rxg6 Rxg4+ 52. Kxh5
Rxg6 53. Kxg6 Ke6 54. e5 Ke7 55. Kg5 Kf7 56. e6+ Ke8 57. Kg4 Kf8 58. Kh3 Kg8
59. Kh2 Kf8 60. Kh3 Kg8 61. Kh2 Kf8 62. Kh3 Kg8 63. Kh2 Kf8 1/2-1/2

[Event "ICS rated blitz match"]
[Site "204.178.125.65"]
[Date "2000.09.02"]
[Round "?"]
[White "Hossa"]
[Black "PostModernist"]
[Result "1-0"]
[WhiteElo "2468"]
[BlackElo "2682"]
[PlyCount "109"]
[EventDate "2000.??.??"]

1. e4 c5 2. Nf3 g6 3. d4 cxd4 4. Nxd4 Nc6 5. Nc3 Bg7 6. Be3 Nf6 7. Bc4 O-O 8.
Nxc6 dxc6 9. Qxd8 Rxd8 10. Bc5 Kf8 11. f3 Nd7 12. O-O-O b5 13. Bb3 a5 14. a3
Bxc3 15. bxc3 Ba6 16. Be3 a4 17. Ba2 Kg7 18. Rd2 Nf6 19. Rd3 e5 20. Rhd1 Rf8
21. R3d2 Rac8 22. g4 h6 23. h4 Rc7 24. Bc5 Re8 25. Kb1 g5 26. Bb6 Rcc8 27. h5
Rf8 28. Bc5 Rfe8 29. Kc1 Ra8 30. Rd6 Rac8 31. R1d2 Rg8 32. Kb1 Rge8 33. Bb6 Rf8
34. Bd8 Ng8 35. Rd7 Kh8 36. Bc7 f6 37. Bd6 Rfd8 38. Bc5 Rxd7 39. Rxd7 Re8 40.
Bf7 Rb8 41. Be6 Bc8 42. Rd8 Bxe6 43. Rxb8 Bc4 44. Bf8 Be2 45. Rb7 Ne7 46. Rxe7
Bxf3 47. Bxh6 Bxg4 48. Bg7+ Kg8 49. Bxf6 Bxh5 50. c4 bxc4 51. Rxe5 Bf3 52. Bxg5
Kg7 53. Kb2 Kg6 54. Kc3 Kg7 55. Re6 1-0

[Event "ICS rated blitz match"]
[Site "204.178.125.65"]
[Date "2000.09.02"]
[Round "?"]
[White "Dorky"]
[Black "Hossa"]
[Result "1-0"]
[WhiteElo "2387"]
[BlackElo "2493"]
[PlyCount "143"]
[EventDate "2000.??.??"]

1. d4 d5 2. c4 e6 3. Nf3 Nf6 4. g3 dxc4 5. Bg2 Bb4+ 6. Bd2 a5 7. Qc2 Bxd2+ 8.
Nbxd2 b5 9. a4 c6 10. O-O O-O 11. axb5 cxb5 12. Ng5 Ra7 13. e3 Kh8 14. Nge4
Nxe4 15. Nxe4 Bb7 16. f4 f5 17. Ng5 Bxg2 18. Qxg2 Qe7 19. Qh3 h6 20. Nf3 Qb4
21. Ne5 Qxb2 22. Ng6+ Kg8 23. Nxf8 Kxf8 24. g4 Nc6 25. Rab1 Qc3 26. gxf5 Nxd4
27. fxe6 Qd3 28. Rfd1 Ne2+ 29. Kf1 Nxf4+ 30. Rxd3 Nxh3 31. Rd7 Rxd7 32. exd7
Ke7 33. Rxb5 Kxd7 34. Rxa5 Ng5 35. Ra7+ Ke6 36. Ke2 Nf7 37. Rc7 Ne5 38. Rxg7
Kf6 39. Rc7 Kf5 40. Kd2 Ke4 41. h4 Kf3 42. Rc5 Ke4 43. Kc2 Nf3 44. Kc3 Kxe3 45.
Rh5 Ke4 46. Rxh6 Kd5 47. Rh5+ Ne5 48. Rf5 Ke4 49. Rf1 Ng4 50. Re1+ Kd5 51. h5
Nh6 52. Rd1+ Ke5 53. Kxc4 Kf6 54. Rd5 Nf5 55. Kd3 Nh6 56. Ke4 Nf7 57. Kf4 Ke6
58. Ra5 Kf6 59. Ra6+ Kg7 60. Rg6+ Kh7 61. Kf5 Nh6+ 62. Kf6 Ng8+ 63. Kg5 Ne7 64.
Rd6 Kg7 65. Rd7 Kf7 66. h6 Kf8 67. h7 Ke8 68. Rd4 Kf7 69. h8=Q Ng8 70. Rd7+ Ke6
71. Qh3+ Ke5 72. Qe3# {Hossa checkmated} 1-0

[Event "ICS rated blitz match"]
[Site "204.178.125.65"]
[Date "2000.09.02"]
[Round "?"]
[White "Hossa"]
[Black "Tinker"]
[Result "1/2-1/2"]
[WhiteElo "2472"]
[BlackElo "2481"]
[PlyCount "180"]
[EventDate "2000.??.??"]

1. e4 e5 2. Nf3 Nf6 3. d4 Nxe4 4. Bd3 d5 5. Nxe5 Nd7 6. Nxd7 Bxd7 7. O-O Qf6 8.
Bxe4 dxe4 9. Nc3 O-O-O 10. Nxe4 Qg6 11. Re1 Re8 12. f3 f5 13. Nc5 Bxc5 14. dxc5
Qc6 15. Rxe8+ Rxe8 16. b4 Qf6 17. Rb1 Qh4 18. Bd2 Qd4+ 19. Kh1 Qf2 20. Bc3 Re2
21. Qg1 g6 22. Qxf2 Rxf2 23. Rc1 Ba4 24. Kg1 Rxc2 25. Rxc2 Bxc2 26. Bf6 Kd7 27.
h3 Ke6 28. Bd8 c6 29. a3 f4 30. Bc7 Kf5 31. Bb8 a6 32. h4 Bb3 33. Bd6 Ba4 34.
Bf8 g5 35. hxg5 Kxg5 36. Be7+ Kf5 37. Bd6 Bd1 38. Bc7 Bb3 39. Bd6 h6 40. Bf8 h5
41. Bg7 Bd5 42. Bc3 Bc4 43. Bd4 Ke6 44. Bg7 Kd5 45. Bh6 Ke5 46. Bg7+ Kf5 47.
Bd4 Be6 48. Bc3 Bg8 49. Bg7 Ba2 50. Bc3 Ke6 51. Bd2 Ke5 52. Be1 Bc4 53. Bc3+
Ke6 54. Bg7 Bd3 55. Bf8 Ke5 56. Bg7+ Kf5 57. Bc3 Bc2 58. Bg7 Ke6 59. Bh6 Ke5
60. Bg7+ Kf5 61. Bd4 Ke6 62. Bg7 Bg6 63. Bh6 Kf5 64. Bf8 Bf7 65. Bg7 Bb3 66.
Bh8 Ke6 67. Bg7 Ba4 68. Bh6 Kf5 69. Bg7 Bb5 70. Bd4 Ke6 71. Bg7 Bc4 72. Bh6 Kf5
73. Bg7 Bf7 74. Bd4 Ke6 75. Bb2 Bg8 76. Kf2 Bh7 77. Ke2 Kd5 78. Bg7 Bc2 79. Bf8
Ke5 80. Be7 Ba4 81. Kf1 Bb5+ 82. Kf2 Kf5 83. Kg1 Bc4 84. Bd6 Bb3 85. Kf1 Ba4
86. Be7 Bb5+ 87. Kg1 Ke6 88. Bd6 Kf5 89. Be7 Ke6 90. Bd6 Kf5 1/2-1/2

[Event "ICS rated blitz match"]
[Site "204.178.125.65"]
[Date "2000.09.02"]
[Round "?"]
[White "Tinker"]
[Black "Hossa"]
[Result "0-1"]
[WhiteElo "2481"]
[BlackElo "2472"]
[PlyCount "106"]
[EventDate "2000.??.??"]

1. e4 e5 2. d4 exd4 3. Qxd4 Nc6 4. Qe3 Nf6 5. Nf3 Be7 6. Bb5 a6 7. Bd3 d5 8.
exd5 Nxd5 9. Qe4 Nf6 10. Qe2 Bg4 11. Nbd2 Nb4 12. Ne4 Nxd3+ 13. cxd3 O-O 14.
O-O Re8 15. Bf4 Nd5 16. Be3 Nb4 17. d4 Qd5 18. Nc3 Qf5 19. Rad1 c6 20. Rd2 Bd6
21. a3 Nd5 22. Nxd5 Qxd5 23. h3 Bf5 24. Nh4 Bd7 25. Rd3 b6 26. Nf3 Bf5 27. Rc3
Be4 28. Rfc1 Qf5 29. Rxc6 Bxc6 30. Rxc6 Re6 31. Qc2 Qxc2 32. Rxc2 b5 33. Ng5
Ree8 34. Rc6 Be7 35. Nf3 Rec8 36. Ne5 f6 37. Rxc8+ Rxc8 38. Nd3 Kf7 39. Nc5
Bxc5 40. dxc5 Rd8 41. Bf4 Rd1+ 42. Kh2 Rb1 43. b4 Ra1 44. Bd6 Ke6 45. Bf8 Rxa3
46. h4 Rc3 47. g3 Rc4 48. Bxg7 Rxb4 49. f4 Kf7 50. Bh8 Rd4 51. g4 Rd8 52. Bxf6
Kxf6 53. g5+ Kf5 {Tinker resigns} 0-1

[Event "ICS rated blitz match"]
[Site "204.178.125.65"]
[Date "2000.09.02"]
[Round "?"]
[White "Hossa"]
[Black "PostModernist"]
[Result "0-1"]
[WhiteElo "2488"]
[BlackElo "2649"]
[PlyCount "182"]
[EventDate "2000.??.??"]

1. d4 Nf6 2. c4 c5 3. d5 g6 4. Nc3 Bg7 5. e4 d6 6. Bd3 e5 7. h3 O-O 8. Nf3 Qe7
9. O-O b6 10. Be3 Bb7 11. Qd2 Rd8 12. Bh6 Qf8 13. Bxg7 Qxg7 14. Bc2 Na6 15. Ba4
Nb8 16. Qg5 Ba6 17. Nb5 Bxb5 18. Bxb5 a6 19. Ba4 Rf8 20. Nd2 Rc8 21. f4 h6 22.
Qh4 exf4 23. Qxf4 Nh5 24. Qxd6 Qxb2 25. Nf3 Qc3 26. Qxb6 Qb4 27. Qxb4 cxb4 28.
Nd2 Ng3 29. Rf6 Ne2+ 30. Kf2 Nc3 31. Bb3 Nd7 32. Rf3 Ne5 33. Re3 a5 34. a3 Ra6
35. Rf1 h5 36. Kg1 Rd6 37. Rc1 h4 38. Rf1 f6 39. Rf2 Kf8 40. Rf4 g5 41. Rf5 Rc7
42. Rf2 Ke7 43. g3 hxg3 44. Rxg3 Ke8 45. Re3 Rc8 46. Rf1 Ke7 47. Rf5 Kf8 48.
Kh2 Ke7 49. Kg2 Kf8 50. Rg3 a4 51. axb4 Ne2 52. Rgxg5 axb3 53. c5 Ra6 54. b5
Ra2 55. Rxf6+ Nf7 56. Rgf5 Rxd2 57. Rxf7+ Kg8 58. b6 Nd4+ 59. Rf2 b2 60. b7 Rb8
61. Rxd2 b1=Q 62. Rf4 Rxb7 63. Kh2 Rg7 64. Rg2 Rxg2+ 65. Kxg2 Qc2+ 66. Kg3 Ne2+
67. Kg4 Nxf4 68. Kxf4 Qxc5 69. Kf5 Qd6 70. h4 Qd8 71. Kg4 Qf6 72. Kg3 Kg7 73.
Kg4 Kg6 74. h5+ Kh6 75. Kg3 Kxh5 76. d6 Qxd6+ 77. Kf3 Qe5 78. Ke3 Kg4 79. Kd3
Kg5 80. Kc4 Kf4 81. Kb4 Qxe4+ 82. Kc5 Ke5 83. Kb6 Qf3 84. Kc5 Qd5+ 85. Kb6 Qc4
86. Kb7 Kd6 87. Kb6 Qd5 88. Ka7 Qb3 89. Ka8 Qf7 90. Kb8 Kc6 91. Kc8 Qg8# {
Hossa checkmated} 0-1

[Event "ICS rated standard match"]
[Site "204.178.125.65"]
[Date "2000.09.02"]
[Round "?"]
[White "Hossa"]
[Black "Lippy"]
[Result "1/2-1/2"]
[WhiteElo "2387"]
[BlackElo "2596"]
[PlyCount "171"]
[EventDate "2000.??.??"]

1. e4 c5 2. Nf3 Nc6 3. d4 d6 4. dxc5 Qa5+ 5. Nc3 Qxc5 6. Bd3 Bg4 7. Nd5 Bxf3 8.
gxf3 Qa5+ 9. Bd2 Qd8 10. Qe2 e6 11. Nf4 Qc7 12. O-O-O O-O-O 13. Be3 Kb8 14. Bb5
Rc8 15. Kb1 Nge7 16. h4 Ng6 17. Nxg6 hxg6 18. Bg5 Ne5 19. c3 Be7 20. f4 Nc6 21.
Bxc6 bxc6 22. Bxe7 Qxe7 23. Rd4 Rxh4 24. Rxh4 Qxh4 25. Rxd6 Qxf4 26. Rd7 Rc7
27. Rd8+ Kb7 28. f3 Qg5 29. Qd1 Qc5 30. Rh8 Qc4 31. Rd8 a5 32. a4 e5 33. Rd7
Qe6 34. Rd6 Qe7 35. b4 Kb8 36. bxa5 Rb7+ 37. Kc2 Kc7 38. Rd2 Ra7 39. Qb1 Rxa5
40. Qa2 Ra7 41. a5 Ra6 42. Rd1 Qf6 43. Qa3 Qe6 44. Kb2 Qe8 45. Qd6+ Kc8 46. Rd5
f6 47. Rb5 cxb5 48. Qxa6+ Kb8 49. Qb6+ Ka8 50. Qc7 Qb8 51. Qxg7 Qd8 52. Qxg6
Kb7 53. Qf7+ Ka6 54. Kc2 Qd6 55. Qd5 Qxd5 56. exd5 Kxa5 57. Kb3 Kb6 58. Kb4 f5
59. c4 e4 60. fxe4 f4 61. e5 f3 62. e6 f2 63. e7 f1=Q 64. e8=Q Qxc4+ 65. Ka3
Qc3+ 66. Ka2 Qd2+ 67. Kb1 Qxd5 68. Qe3+ Ka6 69. Qa3+ Kb7 70. Qe7+ Kb6 71. Qe3+
Kc6 72. Qe8+ Kc5 73. Qf8+ Kc4 74. Qf4+ Kb3 75. Qe3+ Ka4 76. Qa7+ Kb4 77. Qe7+
Kb3 78. Qe3+ Kb4 79. Qe7+ Kc4 80. Qe2+ Kc3 81. Qe3+ Kc4 82. Qf4+ Kc5 83. Qf8+
Kd4 84. Qf4+ Kc3 85. Qe3+ Kb4 86. Qe7+ 1/2-1/2

[Event "ICS rated standard match"]
[Site "204.178.125.65"]
[Date "2000.09.02"]
[Round "?"]
[White "PostModernist"]
[Black "Hossa"]
[Result "1-0"]
[WhiteElo "2398"]
[BlackElo "2396"]
[PlyCount "159"]
[EventDate "2000.??.??"]

1. d4 Nf6 2. c4 c5 3. d5 g6 4. Nc3 Bg7 5. e4 d6 6. Nf3 O-O 7. Be2 e6 8. Bg5 h6
9. Bh4 exd5 10. cxd5 g5 11. Bg3 Nh5 12. Nd2 Nxg3 13. hxg3 f5 14. Nc4 Qe7 15.
exf5 Bxf5 16. Qd2 Na6 17. Ne3 Nc7 18. O-O-O Qe5 19. f4 Qd4 20. Nxf5 Qxd2+ 21.
Rxd2 Rxf5 22. Ne4 Rff8 23. Nxd6 Bd4 24. Nxb7 Be3 25. d6 Rab8 26. Bf3 Nb5 27.
Rxh6 Nd4 28. Bd5+ Kg7 29. Rh3 gxf4 30. d7 Ne6 31. gxf4 Bxd2+ 32. Kxd2 Nxf4 33.
Rg3+ Kf6 34. Bc6 Ne6 35. Rf3+ Ke7 36. Re3 Rxb7 37. Bxb7 Kxd7 38. Kc3 Rb8 39.
Bd5 Nd4 40. g4 Kd6 41. Bc4 a5 42. g5 Rb7 43. g6 Rg7 44. Bf7 Kc6 45. Kc4 Kd6 46.
Re4 Kc6 47. Rxd4 cxd4 48. Kxd4 Kd6 49. Ke4 a4 50. Kf5 Ke7 51. Ke5 Kd7 52. Kf6
Kd6 53. Kxg7 a3 54. bxa3 Kc5 55. Kf6 Kd4 56. g7 Kc3 57. g8=Q Kd2 58. Qg3 Ke2
59. Bg6 Kd2 60. Qd3+ Ke1 61. Qe3+ Kf1 62. Bf5 Kg2 63. Bh3+ Kh2 64. Qf4+ Kxh3
65. Qg3+ Kxg3 66. a4 Kf4 67. a5 Ke4 68. a6 Kd5 69. a7 Kc6 70. a8=Q+ Kc5 71. a3
Kd4 72. Qc6 Ke3 73. Qd7 Kf3 74. Qe6 Kg3 75. a4 Kh2 76. Qe2+ Kh3 77. a5 Kg3 78.
Kg5 Kh3 79. Kf4 Kh4 80. Qg4# {Hossa checkmated} 1-0

[Event "ICS rated blitz match"]
[Site "204.178.125.65"]
[Date "2000.09.03"]
[Round "?"]
[White "Dorky"]
[Black "Hossa"]
[Result "0-1"]
[WhiteElo "2408"]
[BlackElo "2479"]
[PlyCount "166"]
[EventDate "2000.??.??"]

1. d4 Nf6 2. c4 e6 3. Nf3 b6 4. Nc3 Bb7 5. a3 d5 6. cxd5 Nxd5 7. Qc2 Nxc3 8.
bxc3 Bd6 9. e3 Bxf3 10. gxf3 O-O 11. f4 a5 12. Qe4 c6 13. Bd3 g6 14. O-O Qh4
15. Rb1 Qg4+ 16. Kh1 Bc7 17. Rg1 Qh3 18. Rg3 Qh5 19. Kg1 Qd1+ 20. Kg2 Qh5 21.
Rg5 Qh4 22. Bb5 Rc8 23. Rg3 Ra7 24. Be2 Qe7 25. Kg1 Rb7 26. Bb2 Bd6 27. Ra1 b5
28. Qg2 Nd7 29. a4 bxa4 30. Ba6 Rxb2 31. Bxc8 Nb8 32. Qf1 a3 33. Ba6 c5 34. Bc4
cxd4 35. cxd4 Qb7 36. f3 Nc6 37. Rc1 a2 38. Rg2 Ba3 39. Re1 Rxg2+ 40. Kxg2 Qb2+
41. Kh1 Nb4 42. Ra1 Qc3 43. Bxa2 Qxe3 44. f5 exf5 45. Bc4 Nc2 46. Rd1 Qf4 47.
Qe2 Ne3 48. Re1 Nxc4 49. Qxc4 Qxf3+ 50. Kg1 Qg4+ 51. Kh1 Kg7 52. Qd5 Bb2 53.
Qe5+ f6 54. Qe7+ Kh6 55. Qe3+ g5 56. d5 Be5 57. Qd2 Kg7 58. d6 Qf3+ 59. Kg1 Bf4
60. Re7+ Kh6 61. Qd4 Be5 62. Qd2 Qg4+ 63. Kf1 Qc4+ 64. Kg2 Qe4+ 65. Kf1 Qh1+
66. Ke2 Qxh2+ 67. Kd3 Qxd2+ 68. Kxd2 Bxd6 69. Re6 Bb4+ 70. Kc2 Kg6 71. Kd3 h5
72. Re2 f4 73. Rg2 g4 74. Re2 f3 75. Rc2 g3 76. Rc8 g2 77. Kc2 f2 78. Rc3 Bxc3
79. Kxc3 g1=Q 80. Kd2 Qe1+ 81. Kc2 f1=Q 82. Kb3 Qd3+ 83. Ka2 Qeb1# {
Dorky checkmated} 0-1

[Event "ICS rated standard match"]
[Site "204.178.125.65"]
[Date "2000.09.03"]
[Round "?"]
[White "megacapa"]
[Black "Hossa"]
[Result "0-1"]
[WhiteElo "2105"]
[BlackElo "2380"]
[PlyCount "158"]
[EventDate "2000.??.??"]

1. e4 e5 2. Nf3 Nc6 3. Nc3 Nf6 4. Bb5 Bb4 5. O-O O-O 6. d3 d6 7. Bg5 Bxc3 8.
bxc3 Qe7 9. Re1 Nd8 10. d4 Ne6 11. Bc1 c5 12. d5 Nc7 13. Bf1 b5 14. c4 bxc4 15.
Bxc4 Rb8 16. Nd2 Bg4 17. f3 Bd7 18. a4 Nh5 19. Nf1 f5 20. exf5 Qf7 21. g4 Nf6
22. Ne3 Bc8 23. Bd2 Nd7 24. Bb3 Nb6 25. c4 Bd7 26. a5 Nc8 27. Bc2 Na6 28. Kh1
Ne7 29. Rg1 Rb2 30. Bc3 Rbb8 31. Nf1 Nb4 32. Bb1 Bc8 33. Nd2 Ba6 34. Qe1 Rbd8
35. Qg3 Nbxd5 36. cxd5 c4 37. Ne4 Nxd5 38. Bd2 Bc8 39. Qh4 Qb7 40. Ba2 Qc6 41.
Rgc1 Ba6 42. Ng5 Nf6 43. Qf2 Rc8 44. h3 h6 45. Ne6 Rf7 46. Be3 Ra8 47. Kh2 Nd5
48. Bb1 Nxe3 49. Qxe3 Rb8 50. Bc2 Qd7 51. Rab1 Rc8 52. Qc3 Qc6 53. Rg1 Bb7 54.
Rg3 Ba8 55. h4 Qd7 56. g5 hxg5 57. hxg5 Bd5 58. g6 Re7 59. Ng5 Qc6 60. Rh3 Ree8
61. Qe1 Kf8 62. Qh4 Ke7 63. Nf7+ Kd7 64. f6 gxf6 65. Bf5+ Be6 66. Qxf6 Qd5 67.
Qg5 Qd4 68. Bxe6+ Kxe6 69. Rh6 Qf2+ 70. Qg2 Qxg2+ 71. Kxg2 Re7 72. Kf2 d5 73.
Rg1 Rb8 74. Ng5+ Kf6 75. Rh7 Ree8 76. Rd7 Rb2+ 77. Ke3 Reb8 78. Rd6+ Kf5 79.
Rb6 d4# {megacapa checkmated} 0-1

[Event "ICS rated blitz match"]
[Site "204.178.125.65"]
[Date "2000.09.03"]
[Round "?"]
[White "PostModernist"]
[Black "Hossa"]
[Result "1-0"]
[WhiteElo "2681"]
[BlackElo "2492"]
[PlyCount "77"]
[EventDate "2000.??.??"]

1. e4 c5 2. c3 Nf6 3. e5 Nd5 4. Nf3 e6 5. d4 cxd4 6. cxd4 d6 7. a3 Be7 8. Bd3
O-O 9. O-O dxe5 10. dxe5 Qc7 11. Bg5 Nd7 12. Bxe7 Nxe7 13. Re1 Nd5 14. Be4 Nf4
15. Qd2 Ng6 16. Bxg6 hxg6 17. Rc1 Qd8 18. Rd1 Qc7 19. Qe3 Qc5 20. Qe1 Qc2 21.
b4 Rd8 22. Nc3 Qb3 23. Ne4 a5 24. bxa5 Qa4 25. Nd6 Nc5 26. Ng5 f6 27. exf6 gxf6
28. Qe3 Qc6 29. Ngf7 Rd7 30. Nh6+ Kh7 31. Ng4 g5 32. Nxf6+ Kh6 33. Ng4+ Kh7 34.
Qxg5 Ne4 35. Nxe4 Rxd1+ 36. Rxd1 e5 37. Nef6+ Qxf6 38. Nxf6+ Kh8 39. Rd8# {
Hossa checkmated} 1-0

[Event "ICS rated standard match"]
[Site "204.178.125.65"]
[Date "2000.09.03"]
[Round "?"]
[White "frogspawn"]
[Black "Hossa"]
[Result "0-1"]
[WhiteElo "2079"]
[BlackElo "2385"]
[PlyCount "56"]
[EventDate "2000.??.??"]

1. c4 Nf6 2. Nc3 c5 3. g3 d5 4. cxd5 Nxd5 5. Bg2 Nc7 6. Nf3 Nc6 7. d3 e5 8. O-O
Be7 9. Be3 O-O 10. Rc1 Bg4 11. h3 Be6 12. Nd2 Qd7 13. Kh2 b6 14. a3 Nd5 15.
Nxd5 Bxd5 16. Ne4 Nd4 17. f4 f6 18. Bd2 f5 19. Nc3 Bxg2 20. Kxg2 Qc6+ 21. Kh2
e4 22. Be3 Bf6 23. g4 exd3 24. Qxd3 c4 25. Qb1 Rae8 26. Bf2 Rxe2 27. Nxe2 Nf3+
28. Kh1 Nh4+ {frogspawn resigns} 0-1

[Event "ICS rated standard match"]
[Site "204.178.125.65"]
[Date "2000.09.03"]
[Round "?"]
[White "Hossa"]
[Black "porta1"]
[Result "1-0"]
[WhiteElo "2390"]
[BlackElo "2213"]
[PlyCount "30"]
[EventDate "2000.??.??"]

1. d4 d6 2. c4 g6 3. Nc3 Bg7 4. Nf3 Nd7 5. e4 c6 6. Bd3 Ngf6 7. O-O O-O 8. Bf4
Nh5 9. Be3 b5 10. cxb5 Rb8 11. bxc6 Nb6 12. Nb5 Ba6 13. c7 Bxb5 14. cxd8=Q
Rfxd8 15. Bxb5 Rb7 {porta1 resigns} 1-0

[Event "ICS rated standard match"]
[Site "204.178.125.65"]
[Date "2000.09.03"]
[Round "?"]
[White "Hossa"]
[Black "BrazilianMaster"]
[Result "0-1"]
[WhiteElo "2398"]
[BlackElo "2545"]
[PlyCount "104"]
[EventDate "2000.??.??"]

1. e4 c5 2. Nf3 Nc6 3. d4 cxd4 4. Nxd4 g6 5. Nc3 Bg7 6. Be3 Nf6 7. Bc4 Qa5 8.
O-O O-O 9. Bb3 d6 10. h3 Bd7 11. f4 Nxd4 12. Bxd4 Bc6 13. Qd3 Rad8 14. Rad1 Nd7
15. Bxg7 Kxg7 16. Nd5 e6 17. Qd4+ e5 18. Qd3 Qc5+ 19. Rf2 exf4 20. Nxf4 Nf6 21.
Nd5 Nxd5 22. exd5 Bd7 23. Qf3 f5 24. Re1 Rfe8 25. Ree2 Rxe2 26. Qxe2 Re8 27.
Qf1 a5 28. c4 b5 29. a3 Re3 30. Ba2 Re4 31. b4 axb4 32. Qa1+ Kg8 33. axb4 Qxb4
34. Kh2 Qc5 35. Rd2 bxc4 36. Qf6 Re1 37. Rd4 c3 38. Bb1 c2 39. Bxc2 Qxc2 40.
Qxd6 Qf2 41. Qf4 Qg1+ 42. Kg3 Re3+ 43. Kh4 Qe1+ 44. g3 Qe2 45. Qh6 Qf3 46. g4
Qg3+ 47. Kg5 Qe5 48. Kh4 Rf3 49. Re4 fxe4 50. Qh5 gxh5 51. d6 Qf6+ 52. Kxh5
Rxh3# {Hossa checkmated} 0-1

[Event "ICS rated standard match"]
[Site "204.178.125.65"]
[Date "2000.09.03"]
[Round "?"]
[White "BrazilianMaster"]
[Black "Hossa"]
[Result "1-0"]
[WhiteElo "2555"]
[BlackElo "2388"]
[PlyCount "65"]
[EventDate "2000.??.??"]

1. e4 e5 2. Nf3 Nc6 3. Bc4 Bc5 4. O-O Nf6 5. d3 d6 6. Bg5 Na5 7. Nbd2 Nxc4 8.
Nxc4 Be6 9. Na5 Bb6 10. Qe1 Rb8 11. Nc4 Bxc4 12. dxc4 O-O 13. a4 a6 14. a5 Ba7
15. Rd1 Qe7 16. Nh4 Qe6 17. Nf5 Qxc4 18. Bxf6 gxf6 19. b3 Qxc2 20. Rc1 Qxb3 21.
Qe2 Kh8 22. Rxc7 d5 23. Qh5 Bxf2+ 24. Rxf2 Rg8 25. h3 Qb1+ 26. Kh2 Rg7 27. Nxg7
Qe1 28. Nf5 Qxf2 29. Qxf7 Qf4+ 30. Kg1 Qc1+ 31. Rxc1 Rg8 32. Qxf6+ Rg7 33.
Qxg7# {Hossa checkmated} 1-0

[Event "ICS rated standard match"]
[Site "204.178.125.65"]
[Date "2000.09.03"]
[Round "?"]
[White "Hossa"]
[Black "BrazilianMaster"]
[Result "0-1"]
[WhiteElo "2379"]
[BlackElo "2564"]
[PlyCount "102"]
[EventDate "2000.??.??"]

1. e4 e6 2. d4 d5 3. Nc3 Nf6 4. Bg5 dxe4 5. Nxe4 Be7 6. Bxf6 gxf6 7. Nf3 f5 8.
Nc3 Bf6 9. Qd2 O-O 10. O-O-O c5 11. d5 e5 12. h4 Nd7 13. Ng5 Nb6 14. Kb1 h6 15.
Nf3 e4 16. Nh2 Be5 17. Qxh6 Bxc3 18. bxc3 Na4 19. c4 Nc3+ 20. Kc1 Nxd1 21. Kxd1
Qb6 22. Qg5+ Qg6 23. Qe7 b6 24. c3 f6 25. Qd6 Qh5+ 26. Be2 Qxh4 27. Qc7 f4 28.
a3 Qh6 29. Kc2 Bf5 30. g4 Bh7 31. Kb3 e3 32. f3 Qh3 33. Bf1 Qg3 34. g5 Rf7 35.
Qc6 Qf2 36. g6 Bxg6 37. Be2 Qxe2 38. a4 Qc2+ 39. Ka3 Qxc3+ 40. Ka2 Qxc4+ 41.
Ka3 Qc3+ 42. Ka2 Qd2+ 43. Ka1 Kg7 44. Qxa8 Qc3+ 45. Ka2 c4 46. Qh8+ Kxh8 47.
Nf1+ Kg7 48. Nd2 Qxd2+ 49. Ka1 Qc3+ 50. Ka2 Qb3+ 51. Ka1 Qa3# {Hossa checkmated
} 0-1

[Event "ICS Rated standard match"]
[Site "204.178.125.65"]
[Date "2000.09.03"]
[Round "?"]
[White "BrazilianMaster"]
[Black "Hossa"]
[Result "1/2-1/2"]
[WhiteElo "2572"]
[BlackElo "2371"]
[PlyCount "140"]
[EventDate "2000.??.??"]

1. e4 e5 2. Bc4 Nf6 3. Nf3 Nxe4 4. Nc3 Nc6 5. O-O Nxc3 6. dxc3 h6 7. Qd5 Qe7 8.
Bb5 Qc5 9. Qb3 e4 10. Re1 d5 11. c4 a6 12. cxd5 Qxb5 13. Qxb5 axb5 14. dxc6
bxc6 15. Rxe4+ Be6 16. a4 O-O-O 17. axb5 Rd1+ 18. Re1 Rxe1+ 19. Nxe1 cxb5 20.
Ra5 b4 21. Nd3 b3 22. cxb3 f6 23. Bf4 Kb7 24. b4 g5 25. Be3 Bc4 26. Nc5+ Bxc5
27. Rxc5 Rd8 28. f4 Rd1+ 29. Kf2 Rf1+ 30. Kg3 Be6 31. b5 Bd7 32. Rd5 Kc8 33. b6
cxb6 34. Rd6 h5 35. fxg5 fxg5 36. Bxg5 Rf5 37. Be3 Rb5 38. Rd2 Rb3 39. Kf4 Bc6
40. Bd4 Kb7 41. g4 hxg4 42. Kxg4 Bd7+ 43. Kf4 Rh3 44. Be5 Be6 45. Rd6 Rh4+ 46.
Kg5 Rg4+ 47. Kh5 Bc8 48. h4 Re4 49. Bc3 Rg4 50. Bf6 Kc7 51. Rd2 Rg8 52. Kh6 Bf5
53. h5 Be4 54. Be5+ Kb7 55. Rd7+ Kc6 56. Rd6+ Kc5 57. b4+ Kb5 58. Rf6 Rg4 59.
Bc7 Kxb4 60. Bxb6 Kc4 61. Rd6 Bf3 62. Kh7 Rg5 63. h6 Be4+ 64. Kh8 Rg6 65. Rxg6
Bxg6 66. Bc7 Bf5 67. Kg7 Be4 68. Kf6 Bd3 69. Ke6 Bc2 70. h7 Bxh7 1/2-1/2

[Event "ICS rated standard match"]
[Site "204.178.125.65"]
[Date "2000.09.03"]
[Round "?"]
[White "Hossa"]
[Black "BrazilianMaster"]
[Result "0-1"]
[WhiteElo "2379"]
[BlackElo "2564"]
[PlyCount "78"]
[EventDate "2000.??.??"]

1. e4 Nf6 2. e5 Nd5 3. d4 d6 4. Nf3 dxe5 5. Nxe5 g6 6. c4 Nb6 7. Be2 Bg7 8. O-O
Be6 9. Bf3 c6 10. b3 f6 11. Nd3 Qxd4 12. Bb2 Qd7 13. Qe2 Bf5 14. Nc5 Qc7 15.
Ne6 Bxe6 16. Qxe6 N8d7 17. Re1 Nf8 18. Qe3 e5 19. Bg4 Nfd7 20. f4 f5 21. Bf3
O-O-O 22. fxe5 Rhe8 23. Rd1 Nxe5 24. Bc3 Ng4 25. Rxd8+ Qxd8 26. Qf4 Bd4+ 27.
Kf1 Bc5 28. Be2 Ne3+ 29. Qxe3 Rxe3 30. Bd2 Qh4 31. Bxe3 Bxe3 32. g3 Qxh2 33.
Ke1 Qg1+ 34. Bf1 Qf2+ 35. Kd1 Qxf1+ 36. Kc2 Qe2+ 37. Kc3 c5 38. b4 Qxc4+ 39.
Kb2 Bc1# {Hossa checkmated} 0-1